000 00693cam a22002291 4500
001 g 01001864
003 DLC
005 20260227111256.0
008 801028s1883 gw 000 0 ger
010 _ag 01001864
035 _a(OCoLC)6871765
040 _aDLC
_cOCl
_dDLC
050 0 0 _aPR1668
_b.J3
100 1 _aJansen, Gottfried,
_d1856-
245 0 0 _aBeiträge zur Synonymik und Poetik der allgemein als ächt anerkannten Dichtungen Cynewulf's ...
260 _aMünster,
_bE. C. Brunn,
_c1883.
300 _a147 p.
_c20 cm.
502 _aInaug.-diss.--Münster.
500 _aVita.
600 0 0 _aCynewulf.
650 0 _aEnglish language
_yOld English, ca. 450-1100
_xVersification.
999 _c23859
_d23859